<?xml version="1.0" encoding="UTF-8"?><?xml-stylesheet type="text/xsl" href="static/style.xsl"?><OAI-PMH xmlns="http://www.openarchives.org/OAI/2.0/" xmlns:xsi="http://www.w3.org/2001/XMLSchema-instance" xsi:schemaLocation="http://www.openarchives.org/OAI/2.0/ http://www.openarchives.org/OAI/2.0/OAI-PMH.xsd"><responseDate>2026-04-30T05:18:32Z</responseDate><request verb="GetRecord" identifier="oai:uvadoc.uva.es:10324/65286" metadataPrefix="marc">https://uvadoc.uva.es/oai/request</request><GetRecord><record><header><identifier>oai:uvadoc.uva.es:10324/65286</identifier><datestamp>2025-03-26T19:10:03Z</datestamp><setSpec>com_10324_1180</setSpec><setSpec>com_10324_931</setSpec><setSpec>com_10324_894</setSpec><setSpec>col_10324_1375</setSpec></header><metadata><record xmlns="http://www.loc.gov/MARC21/slim" xmlns:doc="http://www.lyncode.com/xoai" xmlns:xsi="http://www.w3.org/2001/XMLSchema-instance" xmlns:dcterms="http://purl.org/dc/terms/" xsi:schemaLocation="http://www.loc.gov/MARC21/slim http://www.loc.gov/standards/marcxml/schema/MARC21slim.xsd">
<leader>00925njm 22002777a 4500</leader>
<datafield tag="042" ind1=" " ind2=" ">
<subfield code="a">dc</subfield>
</datafield>
<datafield tag="720" ind1=" " ind2=" ">
<subfield code="a">Villafáñez Cardeñoso, Félix Antonio</subfield>
<subfield code="e">author</subfield>
</datafield>
<datafield tag="720" ind1=" " ind2=" ">
<subfield code="a">Poza Garcia, David Jesús</subfield>
<subfield code="e">author</subfield>
</datafield>
<datafield tag="720" ind1=" " ind2=" ">
<subfield code="a">López Paredes, Adolfo</subfield>
<subfield code="e">author</subfield>
</datafield>
<datafield tag="720" ind1=" " ind2=" ">
<subfield code="a">Pajares Gutiérrez, Javier</subfield>
<subfield code="e">author</subfield>
</datafield>
<datafield tag="720" ind1=" " ind2=" ">
<subfield code="a">del Olmo, Ricardo</subfield>
<subfield code="e">author</subfield>
</datafield>
<datafield tag="260" ind1=" " ind2=" ">
<subfield code="c">2019</subfield>
</datafield>
<datafield tag="520" ind1=" " ind2=" ">
<subfield code="a">This paper presents a novel algorithm to solve the multi-project scheduling problem with resource constraints (RCMPSP).&#xd;
The algorithm was tested with all the problems proposed in the multi-project scheduling problem library, which is the main reference to benchmark RCMPSP algorithms. Our analysis of the results demonstrates that this algorithm, in spite of its simplicity, outperforms other algorithms published in the library in 16% of the cases and holds the best result in 27% of the cases. These results, along with the fact that this is a general-purpose algorithm, make it a good choice to deal with limited time and resources in portfolio management.</subfield>
</datafield>
<datafield tag="024" ind2=" " ind1="8">
<subfield code="a">Soft Computing, 23(10), 3465-3479</subfield>
</datafield>
<datafield tag="024" ind2=" " ind1="8">
<subfield code="a">https://uvadoc.uva.es/handle/10324/65286</subfield>
</datafield>
<datafield tag="024" ind2=" " ind1="8">
<subfield code="a">10.1016/j.ijproman.2015.06.012</subfield>
</datafield>
<datafield tag="024" ind2=" " ind1="8">
<subfield code="a">3465</subfield>
</datafield>
<datafield tag="024" ind2=" " ind1="8">
<subfield code="a">3479</subfield>
</datafield>
<datafield tag="024" ind2=" " ind1="8">
<subfield code="a">A generic heuristic for multi-project scheduling problems with global and local resource constraints (RCMPSP)</subfield>
</datafield>
<datafield tag="245" ind1="0" ind2="0">
<subfield code="a">A generic heuristic for multi-project scheduling problems with global and local resource constraints (RCMPSP)</subfield>
</datafield>
</record></metadata></record></GetRecord></OAI-PMH>